000 00290nam a22001337a 4500
003 SGT
020 _a9780333904251
082 _a954.03
_bSAR
100 _aSARKAR , SUMIT
245 _aMODERN INDIA 1885-1947
260 _aGURGAON
_bMACMILLAN
_c2013
300 _aXIV , 486
942 _2ddc
_cBK
999 _c19768
_d19768